[Event "Berdsk Maestro op 16th"]
[Site "Berdsk"]
[Date "2010.07.14"]
[Round "7"]
[White "Maleev, Pavel"]
[Black "Malina, Diana"]
[Result "1-0"]
[WhiteElo "2142"]
[BlackElo "2271"]
[PlyCount "55"]
[EventDate "2010.07.08"]
[EventType "swiss"]
[EventRounds "9"]
[EventCountry "RUS"]
[SourceTitle "EXT 2011"]
[Source "ChessBase"]
[SourceDate "2010.11.26"]
[SourceVersion "1"]
[SourceVersionDate "2010.11.26"]
[SourceQuality "1"]

1. e4 c5 2. Nf3 e6 3. d3 Nc6 4. Nbd2 d5 5. g3 g6 6. Bg2 Bg7 7. 0-0 Nge7 8. c3 b6 9. Re1 h6 10. e5 g5 11. h3 Ng6 12. d4 cxd4 13. cxd4 0-0 14. Nf1 f6 15. exf6 Qxf6 16. Be3 Nge7 17. Rc1 Bd7 18. N1h2 Nf5 19. Ng4 Qf7 20. Bxg5 hxg5 21. Nxg5 Qg6 22. Nxe6 Bxe6 23. Rxc6 Nxd4 24. Rcxe6 Nxe6 25. Rxe6 Qf5 26. Re5 Qg6 27. Qxd5+ Qf7 28. Re7 1-0

[Event "Berdsk Maestro op 16th"]
[Site "Berdsk"]
[Date "2010.07.13"]
[Round "6"]
[White "Malina, Diana"]
[Black "Ashirov, Rustam"]
[Result "1-0"]
[WhiteElo "2271"]
[BlackElo "2062"]
[PlyCount "79"]
[EventDate "2010.07.08"]
[EventType "swiss"]
[EventRounds "9"]
[EventCountry "RUS"]
[SourceTitle "EXT 2011"]
[Source "ChessBase"]
[SourceDate "2010.11.26"]
[SourceVersion "1"]
[SourceVersionDate "2010.11.26"]
[SourceQuality "1"]

1. c4 f5 2. g3 Nf6 3. Bg2 g6 4. Nf3 Bg7 5. 0-0 0-0 6. Nc3 d6 7. d4 Qe8 8. Re1 c6 9. d5 Na6 10. Nd4 Bd7 11. e4 fxe4 12. Nxe4 Nxe4 13. Rxe4 cxd5 14. cxd5 Nc5 15. Re1 Qf7 16. Be3 e5 17. dxe6 Nxe6 18. Bd5 Kh8 19. Qb3 Rae8 20. Qxb7 Qf6 21. Nb3 Bc8 22. Qxa7 Qxb2 23. Rab1 Qf6 24. Bg2 Re7 25. Qa5 Bb7 26. Bxb7 Rxb7 27. Qd5 Rd7 28. Rbd1 h6 29. Nd4 Nd8 30. f4 Kh7 31. Bf2 Re7 32. Rxe7 Qxe7 33. Re1 Qd7 34. Ne6 Nxe6 35. Rxe6 Rb8 36. Rxd6 Rb1+ 37. Kg2 Qg4 38. h3 Qe2 39. Qd3 Rb2 40. Qxg6+ 1-0

[Event "Berdsk Maestro op 16th"]
[Site "Berdsk"]
[Date "2010.07.11"]
[Round "4"]
[White "Malina, Diana"]
[Black "Petrukhina, Irina"]
[Result "1/2-1/2"]
[WhiteElo "2271"]
[BlackElo "2076"]
[PlyCount "53"]
[EventDate "2010.07.08"]
[EventType "swiss"]
[EventRounds "9"]
[EventCountry "RUS"]
[SourceTitle "EXT 2011"]
[Source "ChessBase"]
[SourceDate "2010.11.26"]
[SourceVersion "1"]
[SourceVersionDate "2010.11.26"]
[SourceQuality "1"]

1. c4 c6 2. e4 d5 3. exd5 cxd5 4. d4 Nf6 5. Nc3 e6 6. Nf3 Bb4 7. cxd5 Nxd5 8. Qc2 Nc6 9. Bd3 Ba5 10. a3 Nxc3 11. bxc3 Nxd4 12. Nxd4 Qxd4 13. Bb5+ Bd7 14. 0-0 Qd5 15. c4 Qf5 16. Bxd7+ Kxd7 17. Qb3 b6 18. Be3 Ke7 19. c5 Rac8 20. Rfd1 bxc5 21. Qb5 Bb6 22. a4 c4 23. Bg5+ Kf8 24. Qd7 Re8 25. Qd6+ Kg8 26. Qc6 Kf8 27. Qd6+ 1/2-1/2

[Event "Berdsk Maestro op 16th"]
[Site "Berdsk"]
[Date "2010.07.10"]
[Round "3"]
[White "Dolgov, Alexander"]
[Black "Malina, Diana"]
[Result "0-1"]
[WhiteElo "2073"]
[BlackElo "2271"]
[PlyCount "124"]
[EventDate "2010.07.08"]
[EventType "swiss"]
[EventRounds "9"]
[EventCountry "RUS"]
[SourceTitle "EXT 2011"]
[Source "ChessBase"]
[SourceDate "2010.11.26"]
[SourceVersion "1"]
[SourceVersionDate "2010.11.26"]
[SourceQuality "1"]

1. e4 c5 2. Nf3 e6 3. c3 Nf6 4. e5 Nd5 5. d4 cxd4 6. cxd4 b6 7. Nc3 Nxc3 8. bxc3 Qc7 9. Bd2 Bb7 10. Bd3 d6 11. Qe2 Nd7 12. exd6 Bxd6 13. 0-0 0-0 14. h3 Bf4 15. Bxf4 Qxf4 16. Qe3 Qxe3 17. fxe3 Rac8 18. c4 g6 19. a4 e5 20. Nd2 exd4 21. exd4 Rcd8 22. Be4 Ba6 23. a5 b5 24. c5 Nxc5 25. dxc5 Rxd2 26. Rf6 Bc8 27. a6 Be6 28. Bb7 b4 29. c6 Rc2 30. Rf2 Rc3 31. Rff1 b3 32. Rf3 Rxf3 33. gxf3 Bf5 34. c7 b2 35. Rd1 b1Q 36. Rxb1 Bxb1 37. c8Q Rxc8 38. Bxc8 Kg7 39. Kf2 Kf6 40. h4 Ke5 41. Ke3 h6 42. f4+ Kd5 43. Bb7+ Kc5 44. Bc8 Bf5 45. Bb7 f6 46. Bf3 Be6 47. Be4 Bc4 48. Bb7 Kb6 49. Kd4 Bxa6 50. Be4 g5 51. fxg5 fxg5 52. hxg5 hxg5 53. Bf5 Be2 54. Ke5 Kc5 55. Bd7 a5 56. Kf5 g4 57. Kf4 Kd4 58. Ba4 Kc3 59. Ke3 Bf3 60. Bd7 Bd1 61. Kf2 a4 62. Ke1 Bb3 0-1

[Event "Sibiria Region-ch (Women)"]
[Site "Irkutsk"]
[Date "2010.05.21"]
[Round "8"]
[White "Malina, Diana"]
[Black "Tolmacheva, Eva"]
[Result "1-0"]
[WhiteElo "2265"]
[BlackElo "1904"]
[PlyCount "73"]
[EventDate "2010.05.15"]
[EventType "swiss"]
[EventRounds "9"]
[EventCountry "RUS"]
[SourceTitle "CBM 136 Extra"]
[Source "ChessBase"]
[SourceDate "2010.07.02"]
[SourceVersion "2"]
[SourceVersionDate "2010.07.15"]
[SourceQuality "1"]

1. c4 Nf6 2. Nc3 g6 3. g3 Bg7 4. Bg2 0-0 5. d4 c5 6. Nf3 d6 7. 0-0 Na6 8. b3 Rb8 9. Bb2 Bd7 10. e4 Qc8 11. e5 Ng4 12. h3 Nh6 13. exd6 exd6 14. dxc5 Kh8 15. cxd6 Bxh3 16. Qd2 Bxg2 17. Kxg2 Nf5 18. Ne4 Qc6 19. Bxg7+ Kxg7 20. Rfe1 Nc5 21. Ne5 Nxe4 22. Nxc6 Nxd2 23. Nxb8 Nxd6 24. Rad1 N6e4 25. f3 Nf6 26. Rxd2 Rxb8 27. c5 h5 28. b4 a6 29. a4 g5 30. b5 axb5 31. axb5 Kg6 32. Rc1 Kf5 33. c6 bxc6 34. bxc6 Rc8 35. c7 Ne8 36. Rc6 Ke5 37. Re2+ 1-0

[Event "Sibiria Region-ch (Women)"]
[Site "Irkutsk"]
[Date "2010.05.20"]
[Round "7"]
[White "Timofeeva, Ekaterina"]
[Black "Malina, Diana"]
[Result "1-0"]
[WhiteElo "2276"]
[BlackElo "2265"]
[PlyCount "143"]
[EventDate "2010.05.15"]
[EventType "swiss"]
[EventRounds "9"]
[EventCountry "RUS"]
[SourceTitle "CBM 136 Extra"]
[Source "ChessBase"]
[SourceDate "2010.07.02"]
[SourceVersion "2"]
[SourceVersionDate "2010.07.15"]
[SourceQuality "1"]

1. g3 d5 2. Bg2 Nf6 3. Nf3 c6 4. 0-0 Bf5 5. d3 e6 6. Nfd2 e5 7. e4 dxe4 8. dxe4 Be6 9. Qe2 Bc5 10. Nc4 Nbd7 11. Nbd2 0-0 12. Nb3 b5 13. Nxc5 Bxc4 14. Nd3 Nc5 15. Rd1 Bxd3 16. cxd3 Ne6 17. Be3 Nd4 18. Qd2 c5 19. Rac1 Rc8 20. h3 Qd6 21. Kh2 Rfd8 22. f4 Nd7 23. Qf2 f6 24. h4 Nb6 25. Bh3 Rc6 26. Rf1 Nd7 27. Bd2 Ne6 28. Be3 Ndf8 29. Rcd1 Qc7 30. h5 h6 31. Bf5 Nd4 32. Bg4 Nfe6 33. Rd2 Qd6 34. Qg2 Qc7 35. Qh3 Qd6 36. Bd1 a5 37. Qg4 Kh8 38. Rdf2 Nf8 39. Qh4 Nde6 40. Be2 Nd4 41. Bg4 c4 42. fxe5 Qxe5 43. Bf4 Qe7 44. dxc4 Rxc4 45. e5 Nh7 46. b3 Rc6 47. Bh3 Ng5 48. Bg2 fxe5 49. Bxc6 exf4 50. Bg2 fxg3+ 51. Qxg3 Ne2 52. Re1 Nxg3 53. Rxe7 Nxh5 54. Bc6 Nf6 55. Rfe2 b4 56. Be8 Kh7 57. Bf7 Rd3 58. Bc4 Rd4 59. Ra7 h5 60. Ree7 Nf3+ 61. Kg3 Nd2 62. Rxg7+ Kh6 63. Rgf7 Kg6 64. Ra6 Nde4+ 65. Kg2 Kg5 66. Rg7+ Kf4 67. Rf7 Rd2+ 68. Kf1 Kg5 69. Rxa5+ Kg4 70. Ra6 Ng3+ 71. Ke1 Nfe4 72. Bf1 1-0

[Event "Sibiria Region-ch (Women)"]
[Site "Irkutsk"]
[Date "2010.05.16"]
[Round "3"]
[White "Malina, Diana"]
[Black "Cheremnova, Tamara"]
[Result "0-1"]
[WhiteElo "2265"]
[BlackElo "2245"]
[PlyCount "129"]
[EventDate "2010.05.15"]
[EventType "swiss"]
[EventRounds "9"]
[EventCountry "RUS"]
[SourceTitle "CBM 136 Extra"]
[Source "ChessBase"]
[SourceDate "2010.07.02"]
[SourceVersion "2"]
[SourceVersionDate "2010.07.15"]
[SourceQuality "1"]

1. c4 e6 2. g3 d5 3. Bg2 Nf6 4. Nf3 dxc4 5. Qa4+ Nbd7 6. Qxc4 c5 7. Qb3 Rb8 8. a4 b6 9. d3 Bd6 10. Na3 a6 11. Nc4 Bc7 12. Bd2 Bb7 13. 0-0 0-0 14. Rfc1 Bd5 15. Qd1 Qe7 16. Ne3 Ba8 17. b4 Bd6 18. b5 a5 19. Nc4 Rbd8 20. e4 Bc7 21. Bc3 Ng4 22. h3 Ngf6 23. Qe2 h6 24. Rf1 Nh7 25. Rae1 Ng5 26. Nh4 Nf6 27. Rd1 Rfe8 28. f4 Ngh7 29. Qf2 Rd7 30. Nf3 Rdd8 31. Nfe5 Nd7 32. Qb2 Nxe5 33. fxe5 Rd7 34. Nd6 Bxd6 35. exd6 Qxd6 36. Rf4 e5 37. Rf5 f6 38. Rf2 Ng5 39. Rdd2 Ne6 40. h4 Nd4 41. Bh3 Rdd8 42. Qa2+ Kf8 43. Bf5 Nxf5 44. Rxf5 Bb7 45. Rff2 Bc8 46. Kh2 Qd7 47. Rf5 Qd6 48. Rf3 Ke7 49. Qb2 Bg4 50. Rff2 Be6 51. Qa1 Bc8 52. Rf3 Qe6 53. Rdf2 Kd7 54. Qa3 Qd6 55. Qb2 Kc7 56. Qd2 Be6 57. Qe1 Kb7 58. Rb2 Bg4 59. Re3 Bd7 60. Rf3 Kb8 61. Re3 Bc8 62. Qe2 Qe6 63. Qe1 Rd6 64. Qf1 Red8 65. Rf2 0-1

[Event "Kemerovo-ch"]
[Site "Kemerovo"]
[Date "2010.03.17"]
[Round "4"]
[White "Malina, Diana"]
[Black "Fanaskov, Artem"]
[Result "1-0"]
[WhiteElo "2265"]
[BlackElo "2039"]
[PlyCount "77"]
[EventDate "2010.03.15"]
[EventType "swiss"]
[EventRounds "9"]
[EventCountry "RUS"]
[SourceTitle "CBM 135 Extra"]
[Source "ChessBase"]
[SourceDate "2010.05.04"]
[SourceVersion "1"]
[SourceVersionDate "2010.05.04"]
[SourceQuality "1"]

1. c4 e6 2. g3 d5 3. Bg2 c6 4. Qc2 Nd7 5. Nf3 Ngf6 6. d4 Be7 7. 0-0 0-0 8. Nbd2 Re8 9. e4 dxe4 10. Nxe4 Nxe4 11. Qxe4 Nf6 12. Qc2 c5 13. Rd1 cxd4 14. Nxd4 Qb6 15. h3 e5 16. Nb5 Bc5 17. b4 Bxb4 18. Rb1 Qc5 19. Be3 Qe7 20. c5 Ba5 21. Nd6 Rf8 22. Nxb7 Bc7 23. c6 Re8 24. Bc5 Qe6 25. Bd6 Bb6 26. c7 e4 27. Nc5 Bxc5 28. Qxc5 Bd7 29. Rb8 a5 30. Bf1 e3 31. Qxe3 Nd5 32. Qxe6 fxe6 33. Rdb1 Nb4 34. Rxa8 Rxa8 35. Bxb4 axb4 36. Rxb4 Rc8 37. Rb7 Kf7 38. Ra7 Rf8 39. c8Q 1-0

[Event "Kemerovo Sports School-ch"]
[Site "Kemerovo"]
[Date "2008.10.21"]
[Round "4"]
[White "Malina, Diana"]
[Black "Konyshev, Artem"]
[Result "1/2-1/2"]
[WhiteElo "2250"]
[BlackElo "2329"]
[PlyCount "54"]
[EventDate "2008.10.18"]
[EventType "swiss"]
[EventRounds "9"]
[EventCountry "RUS"]
[SourceTitle "EXT 2022"]
[Source "ChessBase"]
[SourceDate "2021.10.06"]
[SourceVersion "1"]
[SourceVersionDate "2021.10.06"]
[SourceQuality "1"]

1. c4 e5 2. Nc3 Bb4 3. Nd5 Bd6 4. d4 c6 5. dxe5 Bxe5 6. Nf3 d6 7. Nxe5 dxe5 8. Nc3 Qxd1+ 9. Nxd1 Be6 10. b3 Nd7 11. Nc3 Ngf6 12. g3 Nc5 13. Be3 Nfd7 14. Bg2 a5 15. Ne4 Nxe4 16. Bxe4 Ke7 17. Kd2 h6 18. Kc3 Rab8 19. Rad1 c5 20. Bd5 b6 21. Bxe6 Kxe6 22. Rd3 Nf6 23. Rhd1 Rhe8 24. f3 h5 25. Bg5 Kf5 26. Bxf6 Kxf6 27. e4 Rbc8 1/2-1/2

[Event "Kemerovo Sports School-ch"]
[Site "Kemerovo"]
[Date "2008.10.18"]
[Round "1"]
[White "Savintsev, Dmitriy"]
[Black "Malina, Diana"]
[Result "0-1"]
[WhiteElo "1859"]
[BlackElo "2250"]
[PlyCount "92"]
[EventDate "2008.10.18"]
[EventType "swiss"]
[EventRounds "9"]
[EventCountry "RUS"]
[SourceTitle "EXT 2022"]
[Source "ChessBase"]
[SourceDate "2021.10.06"]
[SourceVersion "1"]
[SourceVersionDate "2021.10.06"]
[SourceQuality "1"]

1. c4 e6 2. e4 c5 3. Nc3 Nc6 4. Nf3 e5 5. Be2 g6 6. d3 Bg7 7. Be3 d6 8. Qd2 Nd4 9. 0-0 Ne7 10. Nd5 Nxd5 11. cxd5 0-0 12. Nxd4 cxd4 13. Bg5 f6 14. Bh4 Bd7 15. f3 Qb6 16. Rfc1 Rac8 17. Be1 h5 18. Qb4 Bh6 19. Rxc8 Rxc8 20. Qxb6 axb6 21. Bb4 Bf8 22. Rd1 Kf7 23. Kf1 Bb5 24. Bd2 Rc2 25. Bc1 f5 26. g3 Be7 27. h4 f4 28. gxf4 Bxh4 29. fxe5 dxe5 30. a3 Bg3 31. b3 Kf6 32. a4 Bd7 33. Kg2 Rxe2+ 34. Kxg3 g5 35. f4 exf4+ 36. Bxf4 gxf4+ 37. Kxf4 h4 38. Kf3 Ke5 39. Rc1 Re3+ 40. Kf2 h3 41. Kg1 Rxd3 42. Rc7 Bg4 43. Re7+ Kf4 44. Rg7 Kg3 45. Rxg4+ Kxg4 46. d6 Kg3 0-1

[Event "Sibiria Region-ch (Women)"]
[Site "Novokuznetsk"]
[Date "2008.03.21"]
[Round "9"]
[White "Malina, Diana"]
[Black "Korotkova, Ekaterina"]
[Result "1-0"]
[WhiteElo "2249"]
[BlackElo "2018"]
[PlyCount "51"]
[EventDate "2008.03.13"]
[EventType "swiss"]
[EventRounds "9"]
[EventCountry "RUS"]
[SourceTitle "CBM 123 Extra"]
[Source "ChessBase"]
[SourceDate "2008.05.06"]
[SourceVersion "1"]
[SourceVersionDate "2008.05.06"]
[SourceQuality "1"]

1. c4 Nf6 2. Nc3 g6 3. g3 Bg7 4. Bg2 0-0 5. d4 d6 6. Nf3 Nbd7 7. 0-0 e5 8. e4 c6 9. Be3 Ng4 10. Bg5 Qb6 11. h3 exd4 12. Na4 Qa5 13. hxg4 b5 14. Nxd4 Qxa4 15. Qxa4 bxa4 16. Nxc6 Ba6 17. Rac1 Bxb2 18. Rc2 a3 19. e5 dxe5 20. Nb4 Nc5 21. Be7 Rac8 22. Bxc5 Rxc5 23. Nxa6 Rcc8 24. c5 f5 25. gxf5 gxf5 26. Bd5+ 1-0

[Event "Sibiria Region-ch (Women)"]
[Site "Novokuznetsk"]
[Date "2008.03.20"]
[Round "8"]
[White "Avdeenko, Tatiana"]
[Black "Malina, Diana"]
[Result "1-0"]
[WhiteElo "2194"]
[BlackElo "2249"]
[PlyCount "139"]
[EventDate "2008.03.13"]
[EventType "swiss"]
[EventRounds "9"]
[EventCountry "RUS"]
[SourceTitle "CBM 123 Extra"]
[Source "ChessBase"]
[SourceDate "2008.05.06"]
[SourceVersion "1"]
[SourceVersionDate "2008.05.06"]
[SourceQuality "1"]

1. e4 c5 2. Nc3 e6 3. f4 d5 4. Nf3 dxe4 5. Nxe4 Nc6 6. Bb5 Bd7 7. 0-0 Nh6 8. d3 Nf5 9. c3 Be7 10. Ba4 0-0 11. Bc2 b6 12. Qe2 Qc7 13. Qf2 Rad8 14. Bd2 Bc8 15. Rad1 Ba6 16. Bc1 Rfe8 17. h3 Bf8 18. g4 Nd6 19. Ng3 Bc8 20. a4 Bb7 21. Bb1 Bc8 22. Ne5 f6 23. Nf3 Nf7 24. Ne4 Bd6 25. Nxd6 Rxd6 26. Qh4 Ne7 27. d4 Ng6 28. Qf2 cxd4 29. Nxd4 Bb7 30. Rde1 Ba6 31. f5 Nf8 32. fxe6 Nxe6 33. Nb5 Bxb5 34. axb5 Red8 35. Ba2 Rd3 36. Be3 Neg5 37. Qg2 h6 38. h4 Nh7 39. Bb1 R3d7 40. Bf5 Re7 41. Bf4 Ne5 42. Rd1 Rde8 43. Qd5+ Kh8 44. Kg2 Nf8 45. g5 fxg5 46. hxg5 Qc4 47. Qxc4 Nxc4 48. gxh6 Ne6 49. hxg7+ Kxg7 50. Bc1 Nc5 51. b4 Re2+ 52. Kf3 Nb3 53. Rd7+ R8e7 54. Rxe7+ Rxe7 55. Rg1+ Kf7 56. Bg6+ Ke6 57. Re1+ Kd7 58. Bf5+ Ke8 59. Rxe7+ Kxe7 60. Bg5+ Kd6 61. Ke2 Na3 62. Kd3 Ke5 63. Bh7 Na1 64. Bc1 Nxb5 65. Bb2 Nb3 66. Kc4 Nd2+ 67. Kxb5 a5 68. bxa5 bxa5 69. c4+ Kd6 70. c5+ 1-0

[Event "Sibiria Region-ch (Women)"]
[Site "Novokuznetsk"]
[Date "2008.03.13"]
[Round "1"]
[White "Malina, Diana"]
[Black "Kaidalina, Anna"]
[Result "1-0"]
[WhiteElo "2249"]
[BlackElo "1957"]
[PlyCount "63"]
[EventDate "2008.03.13"]
[EventType "swiss"]
[EventRounds "9"]
[EventCountry "RUS"]
[SourceTitle "CBM 123 Extra"]
[Source "ChessBase"]
[SourceDate "2008.05.06"]
[SourceVersion "1"]
[SourceVersionDate "2008.05.06"]
[SourceQuality "1"]

1. c4 Nf6 2. Nc3 g6 3. g3 Bg7 4. Bg2 d6 5. d4 0-0 6. Nf3 Bf5 7. 0-0 Qc8 8. Re1 Ne4 9. Nd5 Nc6 10. Ng5 Nxg5 11. Bxg5 f6 12. Bc1 Bh3 13. Bxh3 Qxh3 14. Nxc7 Rac8 15. Nd5 g5 16. Be3 h5 17. Qd3 Kf7 18. Qe4 h4 19. g4 e6 20. Nc3 Ne7 21. d5 e5 22. Nb5 Rfd8 23. Nxa7 Ra8 24. Qg2 Qxg2+ 25. Kxg2 Kg6 26. Bb6 Rd7 27. e4 Nc8 28. Nxc8 Rxc8 29. Rec1 Bf8 30. b4 Be7 31. a4 Bd8 32. a5 1-0

[Event "Kemerovo"]
[Site "Kemerovo"]
[Date "2007.08.11"]
[Round "9"]
[White "Sazhinov, Alexander"]
[Black "Malina, Diana"]
[Result "0-1"]
[WhiteElo "2270"]
[BlackElo "2242"]
[PlyCount "104"]
[EventDate "2007.08.06"]
[EventType "tourn"]
[EventRounds "11"]
[EventCountry "RUS"]
[SourceTitle "CBM 119 Extra"]
[Source "ChessBase"]
[SourceDate "2007.09.04"]
[SourceVersion "1"]
[SourceVersionDate "2007.09.04"]
[SourceQuality "1"]

1. f4 c5 2. Nf3 Nf6 3. g3 g6 4. Bg2 Bg7 5. 0-0 0-0 6. d3 d5 7. Qe1 d4 8. e4 dxe3 9. Nc3 Nc6 10. Bxe3 Nd4 11. Qd2 Ng4 12. Bxd4 Bxd4+ 13. Nxd4 Qxd4+ 14. Kh1 Ne3 15. Rf2 Nxg2 16. Kxg2 Bd7 17. h3 Bc6+ 18. Kh2 b5 19. Re1 b4 20. Nd1 e6 21. b3 a5 22. g4 Rfe8 23. Ne3 e5 24. g5 exf4 25. Ng4 Rxe1 26. Qxe1 f3 27. Qe5 Qxe5+ 28. Nxe5 Bd5 29. Nd7 Bc6 30. Nxc5 Rd8 31. Kg3 Rd5 32. Ne4 Re5 33. Nf6+ Kg7 34. h4 Re1 35. Ng4 f5 36. gxf6+ Kf7 37. Kf4 Re2 38. Kg3 Re1 39. Nh2 Rg1+ 40. Kf4 Rh1 41. Ke3 Kxf6 42. d4 Ke6 43. Nxf3 Bxf3 44. Rxf3 Rxh4 45. Rf8 Rh2 46. Kd3 h5 47. Re8+ Kf7 48. Re5 h4 49. d5 Rh1 50. Kd2 h3 51. Re2 Rg1 52. Ke3 g5 0-1

[Event "Kemerovo"]
[Site "Kemerovo"]
[Date "2007.08.08"]
[Round "4"]
[White "Malina, Diana"]
[Black "Mikhailov, Vladimir"]
[Result "1/2-1/2"]
[WhiteElo "2242"]
[BlackElo "1747"]
[PlyCount "118"]
[EventDate "2007.08.06"]
[EventType "tourn"]
[EventRounds "11"]
[EventCountry "RUS"]
[SourceTitle "CBM 119 Extra"]
[Source "ChessBase"]
[SourceDate "2007.09.04"]
[SourceVersion "1"]
[SourceVersionDate "2007.09.04"]
[SourceQuality "1"]

1. c4 b6 2. Nc3 c5 3. Nf3 Bb7 4. e4 d6 5. d4 cxd4 6. Nxd4 Nf6 7. Bd3 g6 8. 0-0 Bg7 9. Be3 0-0 10. f3 Nbd7 11. Rc1 Rc8 12. Be2 a6 13. Qd2 Re8 14. Rfd1 Qc7 15. Nd5 Qb8 16. b4 e6 17. Nxf6+ Nxf6 18. Nb3 d5 19. e5 Nd7 20. f4 f6 21. cxd5 Bxd5 22. Rxc8 Qxc8 23. exf6 Nxf6 24. Rc1 Qb7 25. Bf1 Ne4 26. Qd3 b5 27. Nc5 Nxc5 28. bxc5 Qc6 29. a3 e5 30. fxe5 Bxe5 31. Bd4 Bf4 32. Rd1 Rd8 33. Bf2 Bc7 34. Qe3 Qf6 35. Bg3 Qe6 36. Qxe6+ Bxe6 37. Rxd8+ Bxd8 38. Be5 Kf7 39. Kf2 Be7 40. Bd4 Bd5 41. g3 Ke8 42. Bh3 Kd8 43. Ke3 Kc7 44. Kf4 Kc6 45. Ke5 Bxc5 46. Bd7+ Kxd7 47. Bxc5 Kc6 48. Bb4 h5 49. h4 Bf3 50. Kd4 Kb6 51. Be7 Ka5 52. Kc3 Kb6 53. Kb4 a5+ 54. Kc3 Kc7 55. Bf6 Kd7 56. Bg5 Ke6 57. Bd8 a4 58. Kb4 Be2 59. Bc7 Kd7 1/2-1/2

[Event "Kemerovo"]
[Site "Kemerovo"]
[Date "2007.08.07"]
[Round "3"]
[White "Skurygin, Anton"]
[Black "Malina, Diana"]
[Result "1/2-1/2"]
[WhiteElo "2319"]
[BlackElo "2242"]
[PlyCount "61"]
[EventDate "2007.08.06"]
[EventType "tourn"]
[EventRounds "11"]
[EventCountry "RUS"]
[SourceTitle "CBM 119 Extra"]
[Source "ChessBase"]
[SourceDate "2007.09.04"]
[SourceVersion "1"]
[SourceVersionDate "2007.09.04"]
[SourceQuality "1"]

1. c4 e6 2. g3 d5 3. Bg2 Nf6 4. Nf3 dxc4 5. Qa4+ Nbd7 6. 0-0 c5 7. Qxc4 a6 8. Qc2 b5 9. b3 Bb7 10. Bb2 Be7 11. d3 0-0 12. Nbd2 Qb6 13. Rac1 Rac8 14. Qb1 Nd5 15. Rfd1 Rfd8 16. e3 N7f6 17. a3 h6 18. h3 Nc7 19. e4 Nce8 20. Nf1 Qa7 21. Ne3 Qa8 22. Qa1 Nd7 23. Ne1 Bf6 24. Bxf6 Nexf6 25. Kh2 Qb8 26. Nf3 Qa7 27. Qb2 Qb6 28. b4 a5 29. bxc5 Nxc5 30. Bf1 Ba6 31. Ne5 1/2-1/2

[Event "Kemerovo op"]
[Site "Kemerovo"]
[Date "2007.07.25"]
[Round "5"]
[White "Malina, Diana"]
[Black "Zaitsev, Vadim"]
[Result "0-1"]
[WhiteElo "2242"]
[BlackElo "2394"]
[PlyCount "70"]
[EventDate "2007.07.23"]
[EventType "swiss"]
[EventRounds "9"]
[EventCountry "RUS"]
[SourceTitle "EXT 2022"]
[Source "ChessBase"]
[SourceDate "2021.10.06"]
[SourceVersion "1"]
[SourceVersionDate "2021.10.06"]
[SourceQuality "1"]

1. c4 Nf6 2. Nc3 g6 3. g3 Bg7 4. Bg2 0-0 5. d4 d6 6. Nf3 c6 7. 0-0 Qb6 8. e4 e5 9. d5 cxd5 10. cxd5 Na6 11. Nd2 Bd7 12. Nb3 Qd8 13. h3 b6 14. Be3 Nc5 15. Qe2 Ne8 16. Nd2 a5 17. Nc4 a4 18. b4 axb3 19. axb3 Rxa1 20. Rxa1 Nxb3 21. Bxb6 Qc8 22. Ra3 Nd4 23. Bxd4 exd4 24. Na4 Bb5 25. Nab6 Qc5 26. Bf1 Qxa3 27. Nxa3 Bxe2 28. Bxe2 f5 29. exf5 Rxf5 30. Nac4 Rf7 31. Bg4 Ra7 32. Be6+ Kf8 33. Kg2 d3 34. Kf3 Bd4 35. Nd7+ Kg7 0-1

[Event "RUS-chT1 (Women)"]
[Site "Serpukhov"]
[Date "2002.??.??"]
[Round "6"]
[White "Malina, Diana"]
[Black "Kuznetsova, Luba"]
[Result "1-0"]
[WhiteElo "2196"]
[BlackElo "2052"]
[PlyCount "97"]
[EventDate "2002.??.??"]
[EventType "team"]
[EventRounds "9"]
[EventCountry "RUS"]
[SourceTitle "EXT 2003"]
[Source "ChessBase"]
[SourceDate "2002.11.25"]
[SourceVersion "1"]
[SourceVersionDate "2002.11.25"]
[SourceQuality "1"]

1. c4 Nf6 2. Nc3 c5 3. g3 g6 4. Bg2 Bg7 5. Nf3 Nc6 6. d4 cxd4 7. Nxd4 0-0 8. 0-0 Qb6 9. Nc2 d6 10. b3 Bd7 11. h3 Qa5 12. Nb5 a6 13. Bd2 Qb6 14. Nc3 Rab8 15. e4 Qd8 16. a4 Ne8 17. Rc1 Nc7 18. b4 Ne6 19. b5 Ne5 20. Ne3 Nc5 21. Ncd5 Ned3 22. Rb1 e6 23. Nc3 f5 24. exf5 gxf5 25. f4 Qf6 26. Kh2 Qg6 27. Qf3 Kh8 28. a5 Bf6 29. Rg1 Rg8 30. Ned1 Bd4 31. Be3 Qf6 32. Bf1 Bxc3 33. Nxc3 Qxc3 34. Rd1 Qxc4 35. Bxc5 Qxc5 36. Qxd3 d5 37. bxa6 bxa6 38. Qxa6 Ra8 39. Qb7 Qa7 40. Qb2+ Rg7 41. a6 Kg8 42. Qe5 Qc5 43. Rg2 Kf7 44. Rb1 Qc8 45. Rb7 Kg6 46. Rgb2 Rf7 47. a7 Qc6 48. Rc7 Qa4 49. Rbb7 1-0

[Event "RUS-chT1 (Women)"]
[Site "Protvino"]
[Date "2001.??.??"]
[Round "6"]
[White "Malina, Diana"]
[Black "Burtasova, Anna"]
[Result "1-0"]
[WhiteElo "2188"]
[BlackElo "2007"]
[PlyCount "157"]
[EventDate "2001.02.??"]
[EventType "team"]
[EventRounds "9"]
[EventCountry "RUS"]
[SourceTitle "EXT 2002"]
[Source "ChessBase"]
[SourceDate "2001.11.25"]
[SourceVersion "1"]
[SourceVersionDate "2001.11.25"]
[SourceQuality "1"]

1. c4 e6 2. g3 d5 3. Bg2 Nf6 4. Nf3 c5 5. cxd5 exd5 6. d4 Nc6 7. Nc3 Be7 8. 0-0 0-0 9. dxc5 d4 10. Nb5 Bxc5 11. Bg5 Qb6 12. Bxf6 gxf6 13. a4 a6 14. Na3 Qxb2 15. Nc4 Qb4 16. Nfd2 Ba7 17. Qc2 Ne5 18. Nxe5 fxe5 19. Be4 f5 20. Bd5+ Kh8 21. Nf3 Qe7 22. Rfc1 Be6 23. Qb3 Bxd5 24. Qxd5 Rfe8 25. Rab1 Rad8 26. Qxb7 Rd7 27. Qxa6 e4 28. Nh4 e3 29. Qd3 exf2+ 30. Kxf2 Qxe2+ 31. Qxe2 d3+ 32. Kf3 Rxe2 33. Nxf5 h5 34. Rf1 Rf7 35. Kf4 d2 36. h3 Be3+ 37. Kf3 Re1 38. Rfxe1 dxe1Q 39. Rxe1 Bd2 40. Re5 Bc3 41. Rc5 Bb4 42. Rb5 Bc3 43. Rc5 Bb4 44. Rc8+ Kh7 45. Ke4 Ra7 46. Rc6 Rxa4 47. Rh6+ Kg8 48. Rxh5 Bf8+ 49. Kf3 Kf7 50. Ne3 Kg6 51. Rb5 Be7 52. Re5 Bd8 53. Re4 Ra5 54. Re6+ Kf7 55. Rd6 Bf6 56. Rd3 Ra4 57. Ng2 Be5 58. Re3 Bb8 59. Re4 Ra3+ 60. Ne3 Ba7 61. g4 Kg6 62. h4 Bc5 63. h5+ Kh7 64. Kf4 Bd6+ 65. Kg5 Ra8 66. Nf5 Ba3 67. Rc4 Bb2 68. Rc7+ Kh8 69. h6 Rg8+ 70. Kh5 Bf6 71. Ng7 Be5 72. Rd7 Bf4 73. Re7 Bd2 74. Re8 Kh7 75. Rxg8 Kxg8 76. Kg6 Bc3 77. Nf5 Be5 78. h7+ Kf8 79. Nh6 1-0